ميز ا ن نقد (Record no. 165742)

MARC details
000 -LEADER
fixed length control field 00625nam a22001937a 4500
005 - DATE AND TIME OF LATEST TRANSACTION
control field 20190628152758.0
010 ## - LCCN (DPL NO)
LC control number UR-10269
020 ## - INTERNATIONAL STANDARD BOOK NUMBER
Terms of availability 180.00
International Standard Book Number 9789388356190
035 ## - SYSTEM CONTROL NUMBER
System control number U-8824
037 ## - SOURCE OF ACQUISITION
Source of stock number/acquisition DBAD/PUB
082 ## - DEWEY DECIMAL CLASSIFICATION NUMBER
Classification number 844
100 ## - MAIN ENTRY--PERSONAL NAME
Personal name غا ز ی يو نس
245 ## - TITLE STATEMENT
Title ميز ا ن نقد
Statement of responsibility, etc غا ز ی يو نس
246 ## - VARYING FORM OF TITLE
Remainder of title Meezan-e-Naqd (Urdu)
Title proper/short title by Yunus Ghazi
260 ## - PUBLICATION, DISTRIBUTION, ETC. (IMPRINT)
Place of publication, distribution, etc Delhi
Name of publisher, distributor, etc Educational Publishing House
Date of publication, distribution, etc 2018 ء
270 ## - ADDRESS
Address 3191،Vakil Street,Kucha Pandit,Lal Kuan,
City Delhi
Postal code 110006
Telephone number 23216162
Fax number 00911123211540
300 ## - PHYSICAL DESCRIPTION
Extent 164ص
Dimensions 22 Cm(Hb)
942 ## - ADDED ENTRY ELEMENTS (KOHA)
Source of classification or shelving scheme Dewey Decimal Classification
Item type Urdu Bks
Classification part 844
Call number suffix غ ا ز
Holdings
Withdrawn status Lost status Not for loan Collection code Home library Current library Date acquired Source of acquisition Cost, normal purchase price Full call number Barcode Copy number Cost, replacement price Koha item type
    Not For Loan Non-fiction D.B.Act.Division D.B.Act.Division 28/06/2019 DBAD/PUB 180.00 844 غ ا ز U-8824 1 180.00 Urdu Bks

© Delhi Public Library
Hit Counter
free hit counter